Robots de fictions en images - Statistiques

Statistiques générales
  • Ce quiz a été pris 46 fois
  • Le résultat moyen est 8 sur 20
Statistiques - réponses
Par images Réponse % Correct
R2-D2
100%
Astro
93%
Wall-E
93%
T-800
87%
Baymax
56%
Freddy Fazbear
56%
Bender
49%
Nono
49%
Ultron
49%
Clank
47%
M3GAN
38%
Arale
24%
Claptrap
22%
Zenyatta
16%
Mr Peanut
11%
Sonny
11%
Roz
9%
Alpha 6
7%
Marvin
7%
Metabee
4%
Aucun quiz correspondant
Distribution des résultats
% des personnes avec chaque résultat
Percentile par nombre de réponses
Votre historique - résultats
Vous n’avez pas pris ce quiz